Central Library and Information Centre
Sibsagar Girls' College, Sivasagar : Assam

OPTICS (Record no. 9294)

MARC details
000 -LEADER
fixed length control field 00387cam a2200169ua 4500
008 - FIXED-LENGTH DATA ELEMENTS--GENERAL INFORMATION
fixed length control field 120515n1998 II |||gr||||Z||||||eng
040 ## - CATALOGING SOURCE
Original cataloging agency MAIN
041 ## - LANGUAGE CODE
-- English
082 ## - DEWEY DECIMAL CLASSIFICATION NUMBER
Classification number 535 GHA
100 ## - MAIN ENTRY--PERSONAL NAME
Personal name GHATAK, AJOY.
245 ## - TITLE STATEMENT
Title OPTICS
260 ## - PUBLICATION, DISTRIBUTION, ETC.
Place of publication, distribution, etc. MEERUT
Name of publisher, distributor, etc. KEDARNATH RAMNATH
Date of publication, distribution, etc. 1998
300 ## - PHYSICAL DESCRIPTION
Extent 514.
942 ## - ADDED ENTRY ELEMENTS (KOHA)
Koha item type Books
653 ## - INDEX TERM--UNCONTROLLED
Uncontrolled term Light &infIared & ultraviolet phenomena
Holdings
Withdrawn status Lost status Damaged status Not for loan Collection code Home library Current library Shelving location Date acquired Full call number Barcode Date last seen Copy number Price effective from Koha item type Public note
        TBPHY Central Library and Information Centre Sibsagar Girls College Central Library and Information Centre Sibsagar Girls College PHYSICS BOOK RACK 21.07.2000 535 GHA 16170 27.02.2020 1 27.02.2020 Books V


Sibsagar Girl's College © 2020. All rights reserved.
Powered by Koha.
Maintained by Abhijit Borpuzari.